• 首页
  • 本馆介绍
  • 公告通知
  • 最新文献
  • 馆藏检索
  • 电子资源
  • 读者导购
  • 参考咨询
  • 我的图书馆
  • 登录
  • 详细信息显示
  • 放入我的书架
  • 预约/预借图书
  • 作者相关作品
  • 分类相关作品
  • 丛书相关作品
  • 出版社相关作品

书目信息

  • 表格格式
  • 工作单格式
  • 卡片格式
题名:
地图学
    
 
作者: 赵淑梅 , 张力果 编著
分册:  
出版信息: 北京   高等教育出版社  1990
页数: 226页
开本: 26cm
丛书名:
单 册:
中图分类: P28
科图分类:
主题词: 地图学
电子资源:
ISBN: 7-04-003166-3
000 00701nam0 2200253 45
001 0183006057
005 20070615143250.70
010    @a7-04-003166-3@dCNY5.85
100    @a19950603d1990 em y0chiy0121 ea
101 0  @achi
102    @aCN@b110000
105    @ay z 000yy
200 10 @a地图学@Adi tu xue@f张力果,赵淑梅编著@FZhang Li Guo,Zhao Shu Mei BianZhu
205    @a第二版
210    @a北京@c高等教育出版社@d1990@h1991
215    @a226页@d26cm
300    @a高等学校教材
606    @a地图学
690    @aP28@v3
701  0 @a赵淑梅@Azhao shu mei@4编著
701  0 @a张力果@Azhang li guo@4编著
801  2 @aCN@bNLC@c20070615
801  0 @aCN@b上海图书馆@c20070604
905    @dP28@e145=2
    
    地图学/张力果,赵淑梅编著.-第二版.-北京:高等教育出版社,1990(1991)
    226页;26cm
    高等学校教材
    
    ISBN 7-04-003166-3:CNY5.85
    
●
相关链接 在E读中查询图书 在五车中查询图书 在当当中查询图书 在豆瓣中查询图书


正题名:地图学     索取号:P28/145=2         预约/预借

序号 登录号 条形码 馆藏地/架位号 状态 备注
1 0652515   206525152   第二样本阅览室/ [索取号:P28/145=2] 在馆    
2 0652516   206525161   密集书库/ [索取号:P28/145=2] 在馆    
3 0652517   206525170   密集书库/ [索取号:P28/145=2] 在馆    
唐山师范学院图书馆 欢迎您!
大连网信软件有限公司© 版权所有